[Event "ch-city A"]
[Site "Warszawa"]
[Date "2013.05.14"]
[Round "4.3"]
[White "Rudolf, Michal"]
[Black "Przedmojski, Rafal"]
[Result "0-1"]
[WhiteElo "2364"]
[BlackElo "2359"]
[PlyCount "68"]
[EventDate "2013.05.11"]
[EventType "swiss"]
[EventRounds "9"]
[EventCountry "POL"]

1. e4 d5 2. exd5 Qxd5 3. Nc3 Qa5 4. d4 Nf6 5. Bc4 Bg4 6. f3 Bf5 7. Qe2 Nc6 8.
Be3 e6 9. Bb5 Bb4 10. Qc4 O-O 11. Bxc6 bxc6 12. Nge2 Bxc2 13. O-O Rab8 14. Qxc6
Bd3 15. Rfd1 Rb6 16. Qxc7 Bd6 17. Qxb6 Qxb6 18. Rxd3 Qxb2 19. Rb1 Qa3 20. Rb3
Qa6 21. Rd2 Rb8 22. Rxb8+ Bxb8 23. d5 Nxd5 24. Nxd5 exd5 25. Rxd5 Bc7 26. Rd2
Ba5 27. Rc2 h6 28. Kf2 Qd6 29. h3 Bb6 30. Bxb6 Qxb6+ 31. Ke1 Qb1+ 32. Kd2 Qf1
33. g4 Qxf3 34. Rc3 Qd5+ 0-1

[Event "ch-city A"]
[Site "Warszawa"]
[Date "2013.05.14"]
[Round "4.4"]
[White "Deszczynski, Adam"]
[Black "Adamski, Andrzej"]
[Result "1/2-1/2"]
[WhiteElo "2371"]
[BlackElo "2270"]
[PlyCount "74"]
[EventDate "2013.05.11"]
[EventType "swiss"]
[EventRounds "9"]
[EventCountry "POL"]

1. e4 e6 2. d4 d5 3. Nc3 Bb4 4. e5 c5 5. Bd2 Nc6 6. Nb5 Bxd2+ 7. Qxd2 Nxd4 8.
Nxd4 cxd4 9. Qxd4 Ne7 10. Nf3 Nc6 11. Qc5 Qe7 12. Qc3 O-O 13. Bd3 f6 14. O-O
Bd7 15. Rae1 Qb4 16. Qxb4 Nxb4 17. a3 Nc6 18. c4 dxc4 19. Bxc4 Na5 20. Bd3 Rac8
21. Rc1 Nb3 22. Rxc8 Rxc8 23. Rd1 Ba4 24. Re1 f5 25. h3 h6 26. Bb1 Kf7 27. Re3
g5 28. Rc3 Rxc3 29. bxc3 Bc6 30. Nd4 Nxd4 31. cxd4 Bd5 32. g3 Ke7 33. Bd3 Kd7
34. Kf1 Kc6 35. Ke1 Bg2 36. Bc4 Bd5 37. Bd3 Bg2 $11 1/2-1/2

[Event "ch-city A"]
[Site "Warszawa"]
[Date "2013.05.14"]
[Round "4.5"]
[White "Nurkiewicz, Maciej"]
[Black "Nowicki, Bartosz"]
[Result "1/2-1/2"]
[WhiteElo "2379"]
[BlackElo "2173"]
[PlyCount "56"]
[EventDate "2013.05.11"]
[EventType "swiss"]
[EventRounds "9"]
[EventCountry "POL"]

1. e4 c5 2. Nf3 d6 3. d4 cxd4 4. Nxd4 Nf6 5. Nc3 Nc6 6. Bg5 Qb6 7. Nb3 e6 8.
Bxf6 gxf6 9. Qd2 a6 10. O-O-O Bd7 11. f4 O-O-O 12. Be2 h5 13. Rhf1 Kb8 14. Kb1
Rc8 15. Rf3 Na5 16. Nd5 exd5 17. Nxa5 Ba4 18. Rc3 Bh6 19. exd5 Rxc3 20. Qxc3
Rc8 21. Nc4 Qf2 22. Bd3 Bb5 23. Rf1 Qxg2 24. Qb4 Bxc4 25. Bxc4 Bf8 26. Qb3 Ka8
27. Qd3 Qxh2 28. Bxa6 bxa6 1/2-1/2

[Event "ch-city A"]
[Site "Warszawa"]
[Date "2013.05.14"]
[Round "4.6"]
[White "Jarmula, Lukasz"]
[Black "Spicak, Krzysztof"]
[Result "0-1"]
[WhiteElo "2250"]
[BlackElo "1923"]
[PlyCount "82"]
[EventDate "2013.05.11"]
[EventType "swiss"]
[EventRounds "9"]
[EventCountry "POL"]

1. e4 c5 2. Nf3 Nc6 3. Bb5 e6 4. O-O Nge7 5. Re1 g6 6. d4 cxd4 7. Bf4 Bg7 8.
Bd6 a6 9. Bf1 b5 10. a4 b4 11. a5 Bb7 12. Nbd2 O-O 13. Nc4 Nc8 14. Bxf8 Qxf8
15. Ncd2 e5 16. Qb1 N8e7 17. Nc4 Nc8 18. Qa2 Qc5 19. Ng5 Nd8 20. Qb3 d5 21. Nd2
h6 22. Ngf3 Nd6 23. Bd3 Kh7 24. Ra4 dxe4 25. Nxe4 Nxe4 26. Bxe4 Bxe4 27. Rxe4
f5 28. Re1 Nc6 29. Nd2 e4 30. h4 e3 31. fxe3 dxe3 32. Nf3 e2+ 33. Kh1 Qf2 34.
Raa1 Re8 35. h5 $11 Re4 36. Qf7 Rg4 37. hxg6+ Rxg6 38. Rg1 Nd4 39. Nh2 Nxc2 40.
Nf3 Nxa1 41. Qxf5 e1=Q 0-1

[Event "ch-city A"]
[Site "Warszawa"]
[Date "2013.05.14"]
[Round "4.7"]
[White "Borowy, Cezary"]
[Black "Maciaga, Marcin"]
[Result "0-1"]
[WhiteElo "1842"]
[BlackElo "2208"]
[PlyCount "114"]
[EventDate "2013.05.11"]
[EventType "swiss"]
[EventRounds "9"]
[EventCountry "POL"]

1. g3 d5 2. Nf3 Nf6 3. Bg2 g6 4. c4 Bg7 5. cxd5 Nxd5 6. Nc3 Nb6 7. O-O O-O 8.
d3 Nc6 9. Bd2 h6 10. a3 e5 11. b4 Be6 12. Rb1 f5 13. Qc2 Qd7 14. Be3 Nd4 15.
Bxd4 exd4 16. Nd1 Bd5 17. Nb2 Rae8 18. a4 Rf7 19. b5 Rfe7 20. Rfe1 Bf7 21. a5
Nd5 22. Na4 b6 23. Kf1 Qd6 24. Nd2 Nb4 25. Qb2 bxa5 26. Rbc1 Re5 27. Nc4 Bxc4
28. Rxc4 Rxb5 29. Bc6 Reb8 30. Bxb5 Rxb5 31. Rec1 Qd5 32. Kg1 Nxd3 33. Qxb5
Qxb5 34. exd3 h5 35. Re1 h4 36. gxh4 f4 37. f3 Qh5 38. Kg2 Qxh4 39. Re8+ Kf7
40. Re4 Qg5+ 41. Kh1 Qd8 42. Rxf4+ Kg8 43. Nc5 Qb8 44. Ne4 Qb1+ 45. Kg2 Be5 46.
Rg4 Qxd3 47. Rc6 Qe2+ 48. Nf2 d3 49. Rc1 d2 50. Rd1 Bc3 51. Rxg6+ Kf7 52. Rg4
c5 53. h4 Bd4 54. Rxd4 cxd4 55. h5 a4 56. Kg3 Qxd1 57. Nxd1 a3 0-1

[Event "ch-city A"]
[Site "Warszawa"]
[Date "2013.05.14"]
[Round "4.8"]
[White "Jarmula, Pawel"]
[Black "Kasperkiewicz, Pawel"]
[Result "0-1"]
[WhiteElo "2190"]
[BlackElo "2108"]
[PlyCount "48"]
[EventDate "2013.05.11"]
[EventType "swiss"]
[EventRounds "9"]
[EventCountry "POL"]

1. e4 c6 2. d4 d5 3. e5 Bf5 4. Nf3 e6 5. Be2 Nd7 6. O-O Ne7 7. a3 c5 8. dxc5
Nc6 9. b4 a5 10. b5 Ncxe5 11. Nd4 Nxc5 12. Nxf5 exf5 13. Qd4 Bd6 14. Qxd5 O-O
15. f4 Ne4 16. Be3 Nf6 17. Qxb7 Rb8 18. Qa7 Neg4 19. Bd4 Re8 20. Bd3 Ne4 21.
Nc3 Re7 22. Qa6 Bxf4 23. Nxe4 Qxd4+ 24. Nf2 Nxf2 0-1

[Event "ch-city A"]
[Site "Warszawa"]
[Date "2013.05.14"]
[Round "4.9"]
[White "Liberadzki, Slawomir"]
[Black "Sadowski, Miroslaw"]
[Result "1/2-1/2"]
[WhiteElo "2073"]
[BlackElo "2148"]
[PlyCount "38"]
[EventDate "2013.05.11"]
[EventType "swiss"]
[EventRounds "9"]
[EventCountry "POL"]

1. e4 d6 2. d4 Nf6 3. f3 g6 4. c4 Bg7 5. Nc3 O-O 6. Be3 c5 7. Nge2 Nc6 8. Qd2
Qa5 9. g4 Bxg4 10. fxg4 Nxg4 11. d5 Nce5 12. Ng1 Nxe3 13. Qxe3 Ng4 14. Qd2 f5
15. Bh3 Bh6 16. Qe2 Ne3 17. exf5 Nxf5 18. Bxf5 Rxf5 19. Nf3 Bg7 1/2-1/2

[Event "ch-city A"]
[Site "Warszawa"]
[Date "2013.05.14"]
[Round "4.10"]
[White "Gluszko, Monika"]
[Black "Nowak, Lukasz"]
[Result "0-1"]
[WhiteElo "1914"]
[BlackElo "1897"]
[PlyCount "106"]
[EventDate "2013.05.11"]
[EventType "swiss"]
[EventRounds "9"]
[EventCountry "POL"]

1. e4 c5 2. Nf3 d6 3. d4 cxd4 4. Nxd4 Nf6 5. Nc3 a6 6. h3 e5 7. Nde2 h5 8. Bg5
Be6 9. Qd2 Nbd7 10. f4 b5 11. f5 Bc4 12. b3 Bxe2 13. Bxe2 Rc8 14. Bd3 Qc7 15.
Nd5 Nxd5 16. exd5 Nc5 17. O-O Nxd3 18. Qxd3 Qc3 19. Rac1 Be7 20. Qxc3 Rxc3 21.
Bd2 Rc7 22. Ba5 Rc5 23. Rfd1 Bg5 24. Bb4 Rc8 25. Bd2 Bxd2 26. Rxd2 Ke7 27. c4
Rc5 28. Kf2 Kf6 29. Rdc2 bxc4 30. bxc4 Kxf5 31. Rb2 Rhc8 32. Rb6 Rxc4 33. Rxc4
Rxc4 34. Rxa6 Rc2+ 35. Kf1 h4 36. a4 Ra2 37. Rxd6 Rxa4 38. Rd8 g5 39. d6 Rd4
40. d7 f6 41. Ke2 Ke6 42. Ke3 Rxd7 43. Ra8 Rb7 44. Ra2 Rb3+ 45. Kf2 Kf5 46. Ra4
e4 47. Ra6 Ke5 48. Ra5+ Kf4 49. Ra2 f5 50. Rc2 Rb4 51. Ra2 Rd4 52. Rb2 e3+ 53.
Ke1 Kg3 0-1

[Event "ch-city A"]
[Site "Warszawa"]
[Date "2013.05.14"]
[Round "4.11"]
[White "Kielar, Maciej"]
[Black "Kuciel, Wladyslaw"]
[Result "1-0"]
[WhiteElo "2121"]
[BlackElo "2006"]
[PlyCount "57"]
[EventDate "2013.05.11"]
[EventType "swiss"]
[EventRounds "9"]
[EventCountry "POL"]

1. e4 c5 2. Nf3 Nc6 3. d4 cxd4 4. Nxd4 e6 5. Nc3 a6 6. Be3 Qc7 7. Bd3 Nf6 8.
O-O Ne5 9. h3 Bc5 10. f4 Ng6 11. Qf3 d6 12. f5 Ne5 13. Qg3 O-O 14. Kh1 Kh8 15.
a4 Bd7 16. Be2 Qb6 17. Rad1 Qxb2 18. Bf4 Bb4 19. Nb1 Nxe4 20. Qe3 Nc3 21. f6
gxf6 22. Bxe5 fxe5 23. Qh6 f5 24. Bh5 Ne4 25. Bg6 Nf6 26. Nf3 Bc6 27. Bxh7 Bxf3
28. Bxf5+ Kg8 29. Bxe6+ 1-0

[Event "ch-city A"]
[Site "Warszawa"]
[Date "2013.05.14"]
[Round "4.12"]
[White "Leks, Maria"]
[Black "Piotrowski, Arkadiusz"]
[Result "1-0"]
[WhiteElo "2091"]
[BlackElo "1971"]
[PlyCount "145"]
[EventDate "2013.05.11"]
[EventType "swiss"]
[EventRounds "9"]
[EventCountry "POL"]

1. e4 c6 2. c4 d5 3. exd5 cxd5 4. cxd5 Nf6 5. Qa4+ Nbd7 6. Nc3 g6 7. Bc4 Bg7 8.
d3 O-O 9. Nf3 Nc5 10. Qa3 b6 11. Be3 Ncd7 12. O-O Bb7 13. Rfe1 a6 14. Bf4 b5
15. Bb3 Re8 16. d6 e6 17. Ng5 Qb6 18. Be3 Qc6 19. Nce4 a5 20. Rac1 b4 21. Nxf6+
Bxf6 22. Rxc6 Bxc6 23. Ba4 bxa3 24. Bxc6 Rad8 25. bxa3 Rf8 26. Ne4 Bg7 27. Bb5
Nf6 28. Nxf6+ Bxf6 29. Bc5 Rc8 30. d4 Rb8 31. a4 Kg7 32. d7 Rg8 33. Rc1 Bd8 34.
Bd6 Rb6 35. Be5+ f6 36. Bg3 Kf7 37. Rc8 Rb7 38. Kf1 Ke7 39. Ke2 h5 40. f3 g5
41. Be1 Ra7 42. Bf2 Rc7 43. Kd3 Rxd7 44. Bxd7 Kxd7 45. Ra8 g4 46. f4 Kc6 47.
Ra6+ Kd5 48. Be1 Bc7 49. g3 h4 50. Bxa5 Bxa5 51. Rxa5+ Kd6 52. gxh4 Rh8 53. f5
exf5 54. Rxf5 Ke6 55. Rf2 Rxh4 56. Kc4 f5 57. d5+ Kd6 58. Kb5 Rh5 59. Rd2 f4
60. a5 f3 61. a6 Kc7 62. Kc5 Re5 63. Rb2 Re3 64. d6+ Kd7 65. a7 Ra3 66. Rb7+
Ke6 67. d7 Ke7 68. Rb8 Kxd7 69. a8=Q Rxa8 70. Rxa8 Ke7 71. Ra4 Kf6 72. Rxg4 Kf5
73. Rg8 1-0

[Event "ch-city A"]
[Site "Warszawa"]
[Date "2013.05.14"]
[Round "4.13"]
[White "Harazinska, Ewa"]
[Black "Sujkowski, Pawel"]
[Result "1/2-1/2"]
[WhiteElo "2070"]
[BlackElo "1956"]
[PlyCount "48"]
[EventDate "2013.05.11"]
[EventType "swiss"]
[EventRounds "9"]
[EventCountry "POL"]

1. d4 d5 2. c4 c6 3. Nf3 Nf6 4. Qc2 g6 5. g3 Bg7 6. Bg2 O-O 7. O-O Ne4 8. Rd1
h6 9. Nbd2 Nxd2 10. Bxd2 Qb6 11. c5 Qd8 $11 12. Bf4 Bf5 13. Qa4 Nd7 14. Rac1 g5
15. Be3 Re8 16. b4 a6 17. Qb3 e5 18. dxe5 Nxe5 19. Nxe5 Bxe5 20. Bd2 Bg7 21. e3
Be4 22. Bc3 Bxg2 23. Kxg2 Re4 24. Qb2 Qf8 $11 1/2-1/2

[Event "ch-city A"]
[Site "Warszawa"]
[Date "2013.05.14"]
[Round "4.14"]
[White "Kowalska, Elzbieta"]
[Black "Kaliszewski, Tomasz"]
[Result "1-0"]
[WhiteElo "1891"]
[BlackElo "2010"]
[PlyCount "125"]
[EventDate "2013.05.11"]
[EventType "swiss"]
[EventRounds "9"]
[EventCountry "POL"]

1. e4 Nc6 2. Nf3 e5 3. d4 exd4 4. Nxd4 Nf6 5. Nxc6 bxc6 6. e5 Qe7 7. Qe2 Nd5 8.
c4 Ba6 9. Nd2 O-O-O 10. Qe4 Nb6 11. f4 Bb7 12. b3 f6 13. Bb2 fxe5 14. O-O-O Re8
15. Qxe5 Qf7 16. Qg5 h6 17. Qg3 Rg8 18. Bd3 g5 19. f5 Bd6 20. Qf2 Be5 21. Rhe1
Bxb2+ 22. Kxb2 Qf6+ 23. Kc2 d5 24. Rxe8+ Rxe8 25. Re1 Rxe1 26. Qxe1 Kd8 27. Nf3
dxc4 28. bxc4 Nd7 29. Qc3 Qxc3+ 30. Kxc3 c5 31. Ne1 Ke7 32. g4 Kf6 33. Be2 Ke5
34. Bd1 Kf4 35. Nd3+ Ke3 36. Ba4 Nf6 37. Nxc5 Bf3 38. h3 Bg2 39. Nd7 Ne4+ 40.
Kb4 Bxh3 41. f6 Nd6 42. Ne5 Kf4 43. f7 Nxf7 44. Nxf7 Bxg4 45. Nxh6 Be6 46. Bd1
Ke5 47. Kc5 Bd7 48. Bg4 Be8 49. Bf3 Kf4 50. Bd1 Ke5 51. Ng4+ Ke6 52. Kd4 Kd6
53. c5+ Ke6 54. Bb3+ Kf5 55. Ne5 g4 56. Bd5 g3 57. Nd3 Kg4 58. Ne1 Bg6 59. Ke5
Bb1 60. a3 a5 61. c6 a4 62. Ke6 Bf5+ 63. Ke7 1-0

[Event "ch-city A"]
[Site "Warszawa"]
[Date "2013.05.14"]
[Round "4.15"]
[White "Chomczyk, Marek"]
[Black "Malec, Sebastian"]
[Result "0-1"]
[WhiteElo "1942"]
[BlackElo "2170"]
[PlyCount "90"]
[EventDate "2013.05.11"]
[EventType "swiss"]
[EventRounds "9"]
[EventCountry "POL"]

1. e4 c5 2. Nf3 d6 3. d4 cxd4 4. Nxd4 Nf6 5. Nc3 a6 6. Be3 e5 7. Nb3 Be6 8. h3
Nbd7 9. g4 h6 10. Qd2 b5 11. O-O-O Be7 12. Bg2 Bc4 13. Nd5 Nxd5 14. exd5 a5 15.
Kb1 b4 16. Nc1 Bg5 17. f4 exf4 18. Bxf4 Ne5 19. Bf1 Rc8 20. Nd3 Bxd3 21. Bxd3
Rc5 22. Rhe1 O-O 23. Bxg5 Qxg5 24. Qxg5 hxg5 25. Be4 g6 26. Rf1 Kg7 27. Rd4 Rh8
28. Bg2 Rhc8 29. Be4 Rc4 30. Rxc4 Rxc4 31. Re1 Nd7 32. Bg2 Rf4 33. Re2 Ne5 34.
c3 bxc3 35. bxc3 f5 36. gxf5 gxf5 37. Kc2 Kf6 38. Kd2 Ra4 39. Ke3 f4+ 40. Kf2
Ra3 41. Rc2 Nc4 42. h4 g4 43. Bf1 Ne3 44. Rd2 g3+ 45. Kf3 Nxf1 0-1

[Event "ch-city A"]
[Site "Warszawa"]
[Date "2013.05.14"]
[Round "4.16"]
[White "Kubeczko, Grzegorz"]
[Black "Gorecki, Andrzej"]
[Result "1-0"]
[WhiteElo "2036"]
[BlackElo "2093"]
[PlyCount "93"]
[EventDate "2013.05.11"]
[EventType "swiss"]
[EventRounds "9"]
[EventCountry "POL"]

1. c4 Nf6 2. g3 g6 3. Bg2 Bg7 4. Nc3 O-O 5. e4 d6 6. Nge2 c5 7. O-O Nc6 8. d3
Ne8 9. Be3 Nc7 10. d4 cxd4 11. Nxd4 Ne5 12. b3 Ne6 13. Nde2 Nc5 14. h3 a5 15.
f4 Nc6 16. Rb1 Nd7 17. Qd2 f5 18. exf5 gxf5 19. Nd5 Ra6 20. Rbd1 Nf6 21. Nec3
Ne8 22. Na4 e6 23. Ndc3 Rf7 24. Rfe1 Bxc3 25. Nxc3 Rd7 26. Bf2 e5 27. Bd5+ Kg7
28. Qc2 Re7 29. Bxc6 bxc6 30. Rxe5 Rxe5 31. fxe5 Qc7 32. exd6 Nxd6 33. Bd4+ Kg8
34. Be5 Qa7+ 35. Qf2 Nf7 36. Bf4 Qxf2+ 37. Kxf2 Ra7 38. Ke3 Kf8 39. Kd4 Ke7 40.
Kc5 Ra6 41. Na4 Be6 42. Nb6 Ke8 43. Kxc6 Nd8+ 44. Kb5 Ra7 45. c5 a4 46. c6 axb3
47. axb3 1-0

[Event "ch-city A"]
[Site "Warszawa"]
[Date "2013.05.15"]
[Round "5.1"]
[White "Przedmojski, Rafal"]
[Black "Grabarczyk, Miroslaw"]
[Result "1/2-1/2"]
[WhiteElo "2359"]
[BlackElo "2470"]
[PlyCount "29"]
[EventDate "2013.05.11"]
[EventType "swiss"]
[EventRounds "9"]
[EventCountry "POL"]

1. d4 d5 2. c4 e6 3. g3 Nf6 4. Bg2 Bb4+ 5. Nd2 O-O 6. Qc2 Nc6 7. Ngf3 dxc4 8.
Qxc4 Qd5 9. O-O Bxd2 10. Qxd5 exd5 11. Bxd2 Bg4 12. Be3 Rfe8 13. h3 Bf5 14.
Rfc1 Rac8 15. a3 $11 1/2-1/2

[Event "ch-city A"]
[Site "Warszawa"]
[Date "2013.05.15"]
[Round "5.2"]
[White "Strzemiecki, Zbigniew"]
[Black "Maciaga, Marcin"]
[Result "1/2-1/2"]
[WhiteElo "2443"]
[BlackElo "2208"]
[PlyCount "95"]
[EventDate "2013.05.11"]
[EventType "swiss"]
[EventRounds "9"]
[EventCountry "POL"]

1. e4 c5 2. Nf3 d6 3. d4 cxd4 4. Nxd4 Nf6 5. f3 e5 6. Bb5+ Nbd7 7. Nf5 d5 8.
exd5 a6 9. Ba4 b5 10. Bb3 Nb6 11. Ne3 Bc5 12. Nc3 O-O 13. Qd3 b4 14. Ne4 Nxe4
15. fxe4 a5 16. Bd2 Ba6 17. Bc4 Nxc4 18. Nxc4 Qh4+ 19. g3 Qh5 20. b3 Bd4 21. c3
bxc3 22. Bxc3 f5 23. Bxd4 fxe4 24. Qd1 Qh3 25. Be3 Rac8 26. Qe2 a4 27. d6 Rf3
28. Qd2 Bxc4 29. bxc4 Rxg3 30. O-O-O Rxe3 31. d7 Rc3+ 32. Kb1 Rb8+ 33. Ka1 Rd3
34. Qa5 Qxd7 35. Rxd3 exd3 36. Qxe5 Re8 37. Qc3 d2 38. Rd1 a3 39. Qxa3 Re1 40.
Qa8+ Kf7 41. Qf3+ Ke7 42. Kb2 Qd4+ 43. Kc2 Qxc4+ 44. Kxd2 $11 Qb4+ 45. Kc1 Qc4+
46. Kd2 Rxd1+ 47. Kxd1 Qxa2 48. Qe4+ 1/2-1/2

[Event "ch-city A"]
[Site "Warszawa"]
[Date "2013.05.15"]
[Round "5.3"]
[White "Eggink, Ryszard"]
[Black "Janczarski, Michal"]
[Result "0-1"]
[WhiteElo "2087"]
[BlackElo "2346"]
[PlyCount "58"]
[EventDate "2013.05.11"]
[EventType "swiss"]
[EventRounds "9"]
[EventCountry "POL"]

1. d4 Nf6 2. c4 e6 3. Nc3 Bb4 4. Qc2 c5 5. e3 cxd4 6. exd4 O-O 7. Bg5 h6 8. Bh4
Nc6 9. Nf3 g5 10. Bg3 g4 11. Ne5 Nxd4 12. Qd1 Nf5 13. Nxg4 Nxg4 14. Qxg4+ Qg5
15. Qf3 d5 16. a3 Ba5 17. b4 Bb6 18. c5 Nxg3 19. hxg3 Bd8 20. Rd1 f5 21. Qf4
Bf6 22. Rd3 Bg7 23. Kd1 Bd7 24. Qxg5 hxg5 25. f4 a5 26. b5 Rac8 27. Nxd5 exd5
28. Rxd5 Be6 29. Rd6 Bb3+ 0-1

[Event "ch-city A"]
[Site "Warszawa"]
[Date "2013.05.15"]
[Round "5.4"]
[White "Adamski, Andrzej"]
[Black "Spicak, Krzysztof"]
[Result "0-1"]
[WhiteElo "2270"]
[BlackElo "1923"]
[PlyCount "82"]
[EventDate "2013.05.11"]
[EventType "swiss"]
[EventRounds "9"]
[EventCountry "POL"]

1. e4 e6 2. d4 d5 3. e5 c5 4. c3 Qb6 5. Nf3 Bd7 6. Qe2 cxd4 7. cxd4 Nc6 8. Be3
Rc8 9. Nc3 Na5 10. Qc2 Nc4 11. Bxc4 Rxc4 12. O-O Bb4 13. Nd2 Rc8 14. f4 Ne7 15.
Nb3 Nf5 16. Rf3 h5 17. Bf2 g6 18. Qd1 Bxc3 19. bxc3 Ba4 20. Rh3 Rg8 21. Rb1 Qc6
22. Qe1 b6 23. Qc1 Qd7 24. Qa3 Bb5 25. Re1 Rc4 26. Qb2 Ra4 27. Nd2 Bc4 28. Nxc4
Rxc4 29. Bh4 Qc6 30. Bf6 Ra4 31. a3 Qc4 32. Rb1 Kd7 33. Rf3 Qa6 34. h3 Rxa3 35.
Qf2 Ra2 36. Rb2 Ra1+ 37. Kh2 Qa4 38. g4 Qd1 39. gxf5 Qh1+ 40. Kg3 Rg1+ 41. Kh4
Rg4# 0-1

[Event "ch-city A"]
[Site "Warszawa"]
[Date "2013.05.15"]
[Round "5.5"]
[White "Kasperkiewicz, Pawel"]
[Black "Nurkiewicz, Maciej"]
[Result "0-1"]
[WhiteElo "2108"]
[BlackElo "2379"]
[PlyCount "120"]
[EventDate "2013.05.11"]
[EventType "swiss"]
[EventRounds "9"]
[EventCountry "POL"]

1. e4 e5 2. Bc4 Nf6 3. d3 Nc6 4. Nc3 Na5 5. Nge2 Nxc4 6. dxc4 Bc5 7. h3 d6 8.
Qd3 Be6 9. b3 c6 10. O-O O-O 11. Kh1 d5 12. cxd5 cxd5 13. Bg5 dxe4 14. Qg3 Be7
15. Bxf6 Bxf6 16. Nxe4 Qe7 17. Nxf6+ Qxf6 18. Nc3 Rfd8 19. Rfe1 Qf4 20. Rxe5
Qxg3 21. fxg3 Rac8 22. Re3 Rc6 23. Rae1 h6 24. Ne2 Rxc2 25. Nf4 Rxa2 26. Nxe6
fxe6 27. Rxe6 Rdd2 28. Re8+ Kh7 29. R8e7 Rxg2 30. Rxb7 Rxg3 31. Ree7 Rxh3+ 32.
Kg1 Rg3+ 33. Kf1 a5 34. Rb5 Rf3+ 35. Kg1 Rc3 36. Kf1 Rc1+ 37. Re1 Rxe1+ 38.
Kxe1 a4 39. bxa4 Rxa4 40. Kf2 Rg4 41. Kf3 Rg5 42. Rb6 h5 43. Ra6 g6 44. Kf2 Kh6
45. Ra8 Rg4 46. Ra5 h4 47. Rb5 Rg3 48. Ra5 g5 49. Ra6+ Kh5 50. Ra4 Rb3 51. Kg2
Rb2+ 52. Kg1 h3 53. Ra3 Kh4 54. Ra4+ g4 55. Rc4 Re2 56. Ra4 Kg3 57. Ra3+ Kf4
58. Rb3 g3 59. Rb4+ Re4 60. Rb1 Rd4 0-1

[Event "ch-city A"]
[Site "Warszawa"]
[Date "2013.05.15"]
[Round "5.6"]
[White "Nowicki, Bartosz"]
[Black "Deszczynski, Adam"]
[Result "1/2-1/2"]
[WhiteElo "2173"]
[BlackElo "2371"]
[PlyCount "43"]
[EventDate "2013.05.11"]
[EventType "swiss"]
[EventRounds "9"]
[EventCountry "POL"]

1. e4 c5 2. Nf3 e6 3. d4 cxd4 4. Nxd4 Nc6 5. Nc3 Qc7 6. Be3 a6 7. Bd3 Nf6 8.
O-O Nxd4 9. Bxd4 Bc5 10. Bxc5 Qxc5 11. Kh1 d6 12. f4 Bd7 13. Qe2 e5 14. Nd5
Nxd5 15. exd5 O-O 16. fxe5 Qxd5 17. exd6 Qxd6 18. Rad1 Qe6 19. Bxh7+ Kxh7 20.
Qd3+ Kg8 21. Qxd7 Qxa2 22. Qxb7 $11 1/2-1/2

[Event "ch-city A"]
[Site "Warszawa"]
[Date "2013.05.15"]
[Round "5.7"]
[White "Nowak, Lukasz"]
[Black "Rudolf, Michal"]
[Result "1/2-1/2"]
[WhiteElo "1897"]
[BlackElo "2364"]
[PlyCount "92"]
[EventDate "2013.05.11"]
[EventType "swiss"]
[EventRounds "9"]
[EventCountry "POL"]

1. e4 Nf6 2. e5 Nd5 3. d4 d6 4. c4 Nb6 5. exd6 exd6 6. Nc3 Nc6 7. h3 Be7 8. Nf3
Bf5 9. a3 O-O 10. Be2 Re8 11. O-O Bf6 12. Be3 d5 13. cxd5 Nxd5 14. Nxd5 Qxd5
15. Rc1 Rad8 16. Bc4 Qd7 17. Bg5 Bxg5 18. Nxg5 Bg6 19. Bb5 Qd6 20. Nf3 Be4 21.
Re1 a6 22. Bxc6 Bxc6 23. Ne5 Bd5 24. Qc2 c6 25. Qc5 Qh6 26. Re3 f6 27. Ng4 Qf4
28. g3 Qf5 29. Qc2 Qh5 30. Rce1 Rxe3 31. Nxe3 Re8 32. Qd2 Qh6 33. h4 Qg6 34.
Ng2 Rxe1+ 35. Qxe1 Qe4 36. Qxe4 Bxe4 37. Ne3 Kf7 38. f4 Ke6 39. Kf2 Kd6 40. b4
b6 41. Ke2 c5 42. dxc5+ bxc5 43. Kd2 Kc6 44. Kc3 Kb5 45. Nc4 cxb4+ 46. axb4 Kc6
1/2-1/2

[Event "ch-city A"]
[Site "Warszawa"]
[Date "2013.05.15"]
[Round "5.8"]
[White "Liberadzki, Slawomir"]
[Black "Jarmula, Lukasz"]
[Result "0-1"]
[WhiteElo "2073"]
[BlackElo "2250"]
[PlyCount "70"]
[EventDate "2013.05.11"]
[EventType "swiss"]
[EventRounds "9"]
[EventCountry "POL"]

1. c4 Nf6 2. Nc3 g6 3. g3 Bg7 4. Bg2 O-O 5. Nf3 d5 6. cxd5 Nxd5 7. O-O Nc6 8.
d4 Nb6 9. e3 Re8 10. Qe2 Be6 11. b3 a5 12. Rd1 Qc8 13. Bb2 Bg4 14. Nb5 e5 15.
h3 Bf5 16. d5 Na7 17. Rac1 Nxb5 18. Qxb5 e4 19. Nd4 Bxh3 20. Bxh3 Qxh3 21. Rxc7
Be5 22. Qxb6 Ra6 23. Qb5 Rd8 24. Rxf7 Bxg3 25. fxg3 Qxg3+ 26. Kf1 Kxf7 27.
Qxb7+ Kg8 28. Nf5 gxf5 29. Qxa6 Qf3+ 30. Ke1 Qg3+ 31. Kf1 $11 Qh3+ 32. Ke1
Qxe3+ 33. Qe2 Qg5 34. d6 e3 35. d7 Qh4+ 0-1

[Event "ch-city A"]
[Site "Warszawa"]
[Date "2013.05.15"]
[Round "5.9"]
[White "Sadowski, Miroslaw"]
[Black "Leks, Maria"]
[Result "1/2-1/2"]
[WhiteElo "2148"]
[BlackElo "2091"]
[PlyCount "69"]
[EventDate "2013.05.11"]
[EventType "swiss"]
[EventRounds "9"]
[EventCountry "POL"]

1. d4 d5 2. Nf3 Nf6 3. Bf4 c6 4. e3 Bg4 5. Be2 e6 6. Nbd2 Bd6 7. Bxd6 Qxd6 8.
Ne5 Bxe2 9. Qxe2 O-O 10. O-O Nbd7 11. f4 Ne4 12. Nxe4 dxe4 13. c4 f6 14. Nxd7
Qxd7 15. Qc2 f5 16. Rad1 b5 17. Rd2 a5 18. Rfd1 Rfc8 19. g4 Qa7 20. Rg2 Rab8
21. Kh1 Qe7 22. gxf5 exf5 23. Rdg1 g6 24. Rg5 Qe6 25. c5 Kf7 26. b3 a4 27. bxa4
bxa4 28. Qf2 Rg8 29. Qh4 h5 30. R5g2 a3 $11 31. Qe1 Qc8 32. Qc3 Qa6 33. Rd1
Rgd8 34. Rdg1 Rg8 35. Rd1 1/2-1/2

[Event "ch-city A"]
[Site "Warszawa"]
[Date "2013.05.15"]
[Round "5.10"]
[White "Kowalska, Elzbieta"]
[Black "Kielar, Maciej"]
[Result "1-0"]
[WhiteElo "1891"]
[BlackElo "2121"]
[PlyCount "41"]
[EventDate "2013.05.11"]
[EventType "swiss"]
[EventRounds "9"]
[EventCountry "POL"]

1. e4 c5 2. Nf3 g6 3. d4 cxd4 4. Nxd4 Bg7 5. c4 Nc6 6. Be3 Nf6 7. Nc3 d6 8. Be2
O-O 9. O-O Bd7 10. Rc1 Qa5 11. Nb3 Qe5 12. f3 Rfc8 13. Qd2 Qh5 14. Nd5 Kf8 15.
Rfd1 Be6 16. g4 Nxg4 17. fxg4 Bxg4 18. Nf4 Qh4 19. Bf2 Qf6 20. Bxg4 Ne5 21. Be2
1-0

[Event "ch-city A"]
[Site "Warszawa"]
[Date "2013.05.15"]
[Round "5.11"]
[White "Jarmula, Pawel"]
[Black "Borowy, Cezary"]
[Result "1/2-1/2"]
[WhiteElo "2190"]
[BlackElo "1842"]
[PlyCount "82"]
[EventDate "2013.05.11"]
[EventType "swiss"]
[EventRounds "9"]
[EventCountry "POL"]

1. d4 Nf6 2. c4 e6 3. Nc3 Bb4 4. e3 b6 5. Nge2 c5 6. a3 Ba5 7. Rb1 Na6 8. g3
Bb7 9. d5 exd5 10. Bg2 Rb8 11. cxd5 b5 12. O-O Ba8 13. e4 d6 14. Qd3 c4 15. Qc2
Nc5 16. Be3 Qc7 17. Nd4 a6 18. Nf5 O-O 19. Bd4 Ncd7 20. Qd2 Bb6 21. Qg5 g6 22.
Bxf6 Nxf6 23. Qxf6 gxf5 24. exf5 Qd8 25. Qh6 Bd4 26. Rfd1 Qf6 27. Qxf6 Bxf6 28.
Ne4 Kg7 29. Nxd6 Rfd8 30. Ne4 Rxd5 31. Nxf6 Rxd1+ 32. Rxd1 Kxf6 33. g4 Bxg2 34.
Kxg2 a5 35. Kf3 Ke5 36. Ke3 b4 37. f4+ Kf6 38. a4 Re8+ 39. Kf3 Rc8 40. Ke4 Re8+
41. Kf3 Rc8 1/2-1/2

[Event "ch-city A"]
[Site "Warszawa"]
[Date "2013.05.15"]
[Round "5.12"]
[White "Malec, Sebastian"]
[Black "Kubeczko, Grzegorz"]
[Result "1-0"]
[WhiteElo "2170"]
[BlackElo "2036"]
[PlyCount "51"]
[EventDate "2013.05.11"]
[EventType "swiss"]
[EventRounds "9"]
[EventCountry "POL"]

1. d4 d5 2. c4 c6 3. Nf3 Nf6 4. Qb3 dxc4 5. Qxc4 Bg4 6. Nc3 Nbd7 7. Ng5 e6 8.
f3 Bh5 9. e4 Nb6 10. Qd3 Qd7 11. Be3 h6 12. Nh3 g5 13. a4 O-O-O 14. a5 Na8 15.
Nf2 Nc7 16. Qc4 Nfe8 17. Nd3 f6 18. Nc5 Bxc5 19. Qxc5 Qd6 20. Qxa7 Qb4 21. Qb6
Nb5 22. a6 Nec7 23. Bxb5 cxb5 24. axb7+ Kd7 25. d5 exd5 26. Bc5 1-0